| 000 | 00532nam a22002057a 4500 | ||
|---|---|---|---|
| 003 | OSt | ||
| 005 | 20160518150030.0 | ||
| 008 | 160518b xxu||||| |||| 00| 0 eng d | ||
| 020 | _a9780443051616 | ||
| 040 | _cDNLM | ||
| 082 | _aWB110 B223h 2009 | ||
| 100 |
_aBancroft, John _98866 |
||
| 245 | _aHuman Sexuality and it Problems | ||
| 250 | _a3rd ed. | ||
| 260 | _aEdingurh; Churchill, 2009 | ||
| 300 | _aix, 546p; ill: 28cm | ||
| 504 | _aReferences, & index included | ||
| 650 |
_aHuman sexuality _98867 |
||
| 942 |
_2z _cO_SHELF |
||
| 999 |
_c4096 _d4096 |
||